Statistics for business and economics / (Record no. 24336)

MARC details
000 -LEADER
fixed length control field 00664cam a22002294a 4500
020 ## - INTERNATIONAL STANDARD BOOK NUMBER
ISBN 9788131719275
041 ## - LANGUAGE CODE
Language code of text/sound track or separate title English
082 00 - DEWEY DECIMAL CLASSIFICATION NUMBER
Classification number 519.5
Item number NEW
100 1# - MAIN ENTRY--AUTHOR NAME
Author name Newbold, Paul.
245 10 - TITLE STATEMENT
Title Statistics for business and economics /
Statement of responsibility, etc Paul Newbold, William L. Carlson, Betty M. Thorne.
250 ## - EDITION STATEMENT
Edition statement 6th ed.
260 ## - PUBLICATION, DISTRIBUTION, ETC. (IMPRINT)
Place of publication New Delhi. :
Name of publisher Pearson Prentice Hall ,
Year of publication 2007.
300 ## - PHYSICAL DESCRIPTION
Number of Pages xx, 977 pages ;
Dimensions 26 cm.
504 ## - BIBLIOGRAPHY, ETC. NOTE
Bibliography, etc Includes index.
650 #0 - SUBJECT ADDED ENTRY--TOPICAL TERM
Subject Commercial statistics.
650 #0 - SUBJECT ADDED ENTRY--TOPICAL TERM
Subject Economics
General subdivision Statistical methods.
650 #0 - SUBJECT ADDED ENTRY--TOPICAL TERM
Subject Statistics.
700 1# - ADDED ENTRY--PERSONAL NAME
Author 2/ Editor Carlson, William L.
700 1# - ADDED ENTRY--PERSONAL NAME
Author 2/ Editor Thorne, Betty.
942 ## - ADDED ENTRY ELEMENTS (KOHA)
Source of classification or shelving scheme Dewey Decimal Classification
Koha item type Books
Holdings
Withdrawn status Lost status Source of classification or shelving scheme Damaged status Not for loan Home library Current library Shelving location Date acquired Source of acquisition Cost, normal purchase price Full call number Accession Number Price effective from Koha item type
    Dewey Decimal Classification     Institute of Public Enterprise, Library Institute of Public Enterprise, Library S Campus 05/04/2026 Gifted by Prof. S. Sathish Kumar (IPE Faculty ) 995.00 519.5 NEW 51051 05/04/2026 Books

Maintained and Designed by
2cqr automation private limited, Chennai. All Rights Reserved.

You are Visitor Number

PHP Hits Count